000
00410nam a2200145Ia 4500
008
100204s9999 xx 000 0 und d
082
_b
12638
100
_a
बांदोडकर व. पु.
245
_a
दुभंग
260
_b
"प्रिया प्रकाशन, मुंबई"
_c
1990
300
_a
203
630
_a
दुभंग
730
_a
दुभंग
942
_c
BOOK
999
_c
457070
_d
457067